| 000 | 01341nam a2200385 c 4500 | ||
|---|---|---|---|
| 999 |
_c51390 _d51390 |
||
| 001 | 51390 | ||
| 003 | ES-MaCES | ||
| 005 | 20191121135621.0 | ||
| 007 | cr ||||||||||| | ||
| 008 | 180824s2019 lu r i000 | eng d | ||
| 020 | _a9789289718738 | ||
| 020 | _a9789289718745 (web) | ||
| 040 |
_aES-MaCES _bspa _cES-MaCES |
||
| 245 | 0 | 0 |
_aLiving and working in Europe 2015-2018 _hRecurso electrónico _cEurofound |
| 260 |
_aLuxembourg _bPublications Office of the European Union _c2019 |
||
| 300 |
_a1 documento pdf _c(6,45 mb) |
||
| 541 | _cGratuito | ||
| 650 | 4 |
_acondiciones de trabajo _928327 |
|
| 650 | 4 |
_acondiciones de empleo _930040 |
|
| 650 | 4 |
_arelaciones laborales _928369 |
|
| 650 | 4 |
_aconcertación social _930664 |
|
| 650 | 4 |
_acondiciones de vida _927111 |
|
| 650 | 4 |
_acalidad de la vida _929237 |
|
| 650 | 4 |
_aservicios públicos _927230 |
|
| 650 | 4 |
_aEuropa _926940 |
|
| 650 | 4 |
_apaís de la UE _929020 |
|
| 650 | 4 |
_a2015-2018 _937022 |
|
| 650 | 4 |
_aanuario _928963 |
|
| 653 | 1 | 0 | _aRelaciones laborales-Empleo |
| 710 | 2 |
_93819 _aFundación Europea para la Mejora de las Condiciones de Vida y de Trabajo |
|
| 787 | 0 |
_tEurofound yearbook 2017 _w(ES-MaCES)50900 |
|
| 856 | 4 |
_uhttp://biblioteca.ces.es/repintra/B51390.pdf _ytexto completo _z[intranet] |
|
| 902 | _aELE PUB. ELECTRONICA | ||
| 942 |
_2CES _cBK _h2.0. |
||